More Programming Pearls Confessions of a Coder
Guardado en:
| Autor principal: | |
|---|---|
| Formato: | Libro |
| Lenguaje: | inglés |
| Publicado: |
Reading
Addison-Wesley Pub. Co.
1988
|
| Edición: | 1. ed. |
| Etiquetas: |
Sin Etiquetas, Sea el primero en etiquetar este registro!
|
MARC
| LEADER | 00000nam a2200000 4500 | ||
|---|---|---|---|
| 001 | c029190 | ||
| 005 | 20221219120255.8 | ||
| 041 | 0 | |a eng | |
| 044 | |a GB | ||
| 245 | 1 | 0 | |a More Programming Pearls |b Confessions of a Coder |c Jon Louis Bentley |
| 250 | |a 1. ed. | ||
| 264 | 1 | |a Reading |b Addison-Wesley Pub. Co. |c 1988 | |
| 300 | |a 207 s. | ||
| 100 | 1 | |a Bentley, Jon Louis | |